| 000 | 01049nam a22002895a 4500 | ||
|---|---|---|---|
| 003 | EG-ScBUE | ||
| 005 | 20220421103510.0 | ||
| 008 | 181029s2014 caua f 000 0 eng d | ||
| 020 | _a9781502997449 | ||
| 040 |
_aEG-ScBUE _beng _erda _cEG-ScBUE _dEG-ScBUE |
||
| 082 | 0 | 4 |
_a418.020285 _bLOM _222 |
| 100 | 1 |
_aLombardino, Rafa, _eauthor. _941840 |
|
| 245 | 1 | 0 |
_aTools and technology in translation : _bthe profile of beginning language professionals in the digital age / _cRafa Lombardino. |
| 250 | _aFirst edition. | ||
| 264 | 1 |
_aSantee, CA : _bWord Awareness, _c2014. |
|
| 300 |
_a255 pages : _billustrations ; _c22 cm |
||
| 336 |
_2rdacontent _atext _btxt |
||
| 337 |
_2rdamedia _aunmediated _bn |
||
| 338 |
_2rdacarrier _avolume _bnc |
||
| 650 | 7 |
_aTranslating and interpreting _xVocational guidance. _2BUEsh |
|
| 650 | 7 |
_aTranslating and interpreting _xTechnological innovations. _2BUEsh |
|
| 650 | 7 |
_aMachine translating. _2BUEsh _940672 |
|
| 651 | _2BUEsh | ||
| 653 |
_bHHUUEENN _cOctober2018 |
||
| 655 |
_vReading book _934232 |
||
| 942 |
_2ddc _cBB |
||
| 999 |
_c26903 _d26875 |
||